| 000 | 00993nam a22002295i 4500 | ||
|---|---|---|---|
| 001 | 155505 | ||
| 003 | ES-MaACL | ||
| 005 | 20250725062541.0 | ||
| 008 | 000713s1872 fr |||| | fre d | ||
| 040 |
_aCCPB | B _bspa _cCCPB | B |
||
| 100 | 1 |
_aHoefer, Ferdinand. _963914 |
|
| 245 | 1 | 0 |
_aHistoire de la physique et de la chimie _b: depuis les temps les plus reculés jusqu'a nos jours / _cpar Ferdinand Hoefer. |
| 260 |
_aParis : _bLibrairie Hachette et Cie., _c1872 ( _eCoulommiers : _fTypog. A. Moussin) |
||
| 300 |
_a561 p. ; _c18 cm. |
||
| 490 | 1 | _aHistoire universelle publiée par une société de professeurs et de savants sous le direction de V. Duruy | |
| 650 | 7 |
_aFísica _2embne _912877 |
|
| 650 | 7 |
_aQuímica _2embne _916625 |
|
| 752 |
_aFrancia - _dParís |
||
| 830 | 0 |
_aHistoire universelle publiée par une société de professeurs et de savants sous le direction de V. Duruy _9221565 |
|
| 852 |
_aES-MaACL _jF-12775 _z-- Enc. hol. |
||
| 999 |
_c155505 _d155505 |
||